| 000 -LEADER |
| fixed length control field |
01129cam a2200289 a 4500 |
| 001 - CONTROL NUMBER |
| control field |
(Sirsi) a714005 |
| 003 - CONTROL NUMBER IDENTIFIER |
| control field |
OSt |
| 005 - DATE AND TIME OF LATEST TRANSACTION |
| control field |
20230405085026.0 |
| 008 - FIXED-LENGTH DATA ELEMENTS--GENERAL INFORMATION |
| fixed length control field |
110901r20112010enk c 000 1 eng d |
| 020 ## - INTERNATIONAL STANDARD BOOK NUMBER |
| International Standard Book Number |
9780440868347 (pbk.) : |
| 040 ## - CATALOGING SOURCE |
| Original cataloging agency |
TAE |
| Language of cataloging |
eng |
| Transcribing agency |
TAE |
| Modifying agency |
KH8 |
| 042 ## - AUTHENTICATION CODE |
| Authentication code |
nbic |
| 082 0# - DEWEY DECIMAL CLASSIFICATION NUMBER |
| Classification number |
823.914 WIL |
| 100 1# - MAIN ENTRY--PERSONAL NAME |
| Personal name |
Wilson, Jacqueline. |
| Relator term |
author |
| 245 10 - TITLE STATEMENT |
| Title |
Little darlings / |
| Statement of responsibility, etc. |
Jacqueline Wilson ; illustrated by Nick Sharratt. |
| 260 ## - PUBLICATION, DISTRIBUTION, ETC. |
| Place of publication, distribution, etc. |
London : |
| Name of publisher, distributor, etc. |
Yearling, |
| Date of publication, distribution, etc. |
2011, c2010. |
| 300 ## - PHYSICAL DESCRIPTION |
| Extent |
402 p. ; |
| Dimensions |
20 cm. |
| 500 ## - GENERAL NOTE |
| General note |
Originally published: LondonL: Doubleday, 2010. |
| 520 ## - SUMMARY, ETC. |
| Summary, etc. |
Sunset lives a life of luxury with her beautiful ex-model mum, her world-famous ex-rocker dad and two little celeb siblings. But life on the red carpet is no compensation for rowing parents, constant nagging, intensive media scrutiny and no real friends. |
| 521 1# - TARGET AUDIENCE NOTE |
| Target audience note |
9-12. |
| 650 #0 - SUBJECT ADDED ENTRY--TOPICAL TERM |
| Topical term or geographic name entry element |
Children of the rich |
| Form subdivision |
Juvenile fiction. |
| 650 #0 - SUBJECT ADDED ENTRY--TOPICAL TERM |
| Topical term or geographic name entry element |
Poor children |
| Form subdivision |
Juvenile fiction. |
| 650 #0 - SUBJECT ADDED ENTRY--TOPICAL TERM |
| Topical term or geographic name entry element |
Female friendship |
| Form subdivision |
Juvenile fiction. |
| 655 #0 - INDEX TERM--GENRE/FORM |
| Genre/form data or focus term |
Children's stories. |
| 700 1# - ADDED ENTRY--PERSONAL NAME |
| Personal name |
Sharratt, Nick. |
| Relator term |
Ill |
| 942 ## - ADDED ENTRY ELEMENTS (KOHA) |
| Source of classification or shelving scheme |
|
| Koha item type |
Books - Non Ficton |